Austria czy Węgry - Statystyki

Ogólne statystyki
  • Ten quiz został rozwiązany 110 razy
    97 od ostatniego zresetowania
  • Średni wynik to 7 z 9
Statystyki odpowiedzi
Zagadnienie Odpowiedź % Poprawnych
Który kraj ma większe PKB? Austria
100%
Który kraj miał większą, najwiekszą powierzchnię w historii? Austria
100%
Który kraj ma bardziej wysunięty na południe punkt? Węgry
100%
Który kraj ma większą powierzchnię? Węgry
88%
Który kraj graniczy z Czechami? Austria
75%
Który kraj ma więcej ludzi? Węgry
75%
Ktore państwo graniczy ze Słowenią? Oba
63%
Który kraj zaszedł dalej na Mistrzostwach Świata (1930-2018)? Węgry
50%
Który kraj w 2 Wojnie Światowej był sojusznikiem Niemiec? Węgry
25%
Nie znaleziono quizów pasujących do podanych kryteriów
Rozkład punktacji
Procent ludzi z każdym wynikiem
Percentyl według liczby udzielonych odpowiedzi
Twoja historia wyników
Nie rozwiązałeś tego quizu od ostatniego zresetowania